书目信息 |
| 题名: |
理论地层学
|
|
| 作者: | 张守信 著 | |
| 分册: | ||
| 出版信息: | 北京 科学出版社 1989.11 |
|
| 页数: | 165页 | |
| 开本: | 26cm | |
| 丛书名: | ||
| 单 册: | ||
| 中图分类: | P535.2 | |
| 科图分类: | ||
| 主题词: | 地层学--区域 | |
| 电子资源: | ||
| ISBN: | 7-03-001263-1 | |
| 000 | 00632nam0 2200205 45 | |
| 001 | 0009251475 | |
| 005 | 20041221110848.9 | |
| 010 | @a7-03-001263-1@dCNY11.50 | |
| 100 | @a20000925d1989 km y0chiy0120 ea | |
| 101 | 0 | @achi |
| 105 | @a z 000yy | |
| 200 | 1 | @a理论地层学@ALi Lun Di Ceng Xue@e现代地层学概念@EXian Dai Di Ceng Xue Gai Nian@f张守信著@FZhang Shou Xin Zhu |
| 210 | @a北京@c科学出版社@d1989.11 | |
| 215 | @a165页@d26cm | |
| 517 | @a现代地层学概念@AXian Dai Di Ceng Xue Gai Nian | |
| 606 | 0 | @a地层学@x区域 |
| 690 | @aP535.2@v1 | |
| 701 | 0 | @a张守信@4著 |
| 801 | @aCN@bTSTC@c20000925 | |
| 905 | @dP535.2@e40@f1@b226093 | |
| 理论地层学:现代地层学概念/张守信著.-北京:科学出版社,1989.11 |
| 165页;26cm |
| ISBN 7-03-001263-1:CNY11.50 |
| ● |
| 相关链接 |
|
|
|
|
正题名:理论地层学
索取号:P535.2/40
 
预约/预借
| 序号 | 登录号 | 条形码 | 馆藏地/架位号 | 状态 | 备注 |
| 1 | 0226092 | 000073887 | 第三借阅区/ [索取号:P535.2/40] | 在馆 | |
| 2 | 0226093 | 001977454 | 第三借阅区/ [索取号:P535.2/40] | 在馆 | |
| 3 | 0290843 | 002908438 | 第三借阅区/ [索取号:P535.2/40] | 在馆 | |
| 4 | 0290844 | 002908447 | 第三借阅区/ [索取号:P535.2/40] | 在馆 | |
| 5 | 0290845 | 002908456 | 第二样本阅览室/ [索取号:P535.2/40] | 在馆 |